000 02616cam a2200469 a 4500
003 PE-LiUPU
005 20250731183344.0
008 110802s2012 nyua b 001 0 eng
020 _a1616890533
_q(pbk. ;
_qalk. paper)
020 _a9781616890537
_q(pbk. ;
_qalk. paper)
035 _a(Sirsi) i9781616890537
040 _aDLC
_bspa
_cDLC
_dYDX
_dBTCTA
_dUKMGB
_dBDX
_dYDXCP
_dPUL
_dCDX
_dORX
_dSTF
_dCOO
_dOMB
_dOCLCF
_dCHVBK
_dNYWWB
_dOCLCQ
_dPE-LiUPU
049 _aPRUA
082 0 0 _a720.1
_bL22
_223
100 1 _aLange, Alexandra,
_eautor.
245 1 0 _aWriting about architecture :
_bMastering the language of buildings and cities /
_cAlexandra Lange ; with photographs by Jeremy M. Lange.
246 1 0 _aDominar el lenguaje de los edificios y las ciudades.
246 0 0 _aMastering the language of buildings and cities.
250 _aPrimera edición.
264 _aNew York :
_bPrinceton Architectural Press,
_c2012.
300 _a192 páginas :
_bilustraciones ;
_c22 centímetros.
336 _atext
_btxt
_2rdacontent
337 _aunmediated
_bn
_2rdamedia
338 _avolume
_bnc
_2rdacarrier
504 _aBibliografía : página 192.
504 _aBibliografía : páginas 187-181.
505 0 _aIntroduction : How to be an architecture critic -- Skyscrapers : House of glass / Lewis Mumford ; Skyscrapers as superlatives -- Museums : The miracle in Balbao / Herbert Muschamp ; What should a museum be? -- Landmarks : Save the Whitney / Michael Sorkin ; What's worth preserving? -- Monuments : You have to pay for the public life (excerpt) / Charles W. Moore ; Searching for a center -- Parks : Public parks and the enlargement of towns (excerpt) / Frederick Law Olmsted ; Landscape is more than a lawn -- Cities : The death and life of great American cities (excerpt) / Jane Jacobs ; Criticism from the ground up -- Conclusion : More than one way to skin a building.
526 _aP158
526 _aP146
526 _aP17
526 _aP12
526 _aP06
541 _g003-001194;
650 1 4 _aCrítica de la arquitectura.
700 1 _aLange, Jeremy M,
_eautor.
830 0 _aArchitecture briefs.
942 _2ddc
_cBOOK
949 _a720.1 L22
_wDEWEY
_c1
_i73888
_lCCODEBUL1
_mBUL
_p23.61
_r0
_sY
_tBOOK
_u2016-6-20
_xINGENIERIA
_PP06
_0COMPRA
_o.STAFF. Colección General
994 _aC0
_bPEPRU
596 _a1
999 _a720.1 L22
_wDEWEY
_c10043
_i73888
_d10043
_e2019-8-16
_f2021-11-9
_g7
_lCCODEBUL1
_mBUL
_n3
_p23.61
_r0
_sY
_tBOOK
_u2016-6-20
_xINGENIERIA
_PP06
_0COMPRA
_o.STAFF. Colección General
980 _81
_gALBERTO SANCHEZ Responsable de Automatización